00790 a2200193 4500952012500000999001500125020002200140050001900162100002700181245011600208264003000324300002700354500001900381650001200400650003200412650003600444856008900480942002700569 001040708NFICaMCLbMCLcGENd2021-05-20i18497l0oPN2061 BOA 1995p003558r2021-05-20 00:00:00tc.1w2021-05-20yBK c8538d8538 a0415103495 (pbk.)00aPN2061BOA 19951 aBoal, Augusto.eauthor14aThe rainbow of desire :bthe Boal method of theatre and therapy /cAugusto Boal ; translated by Adrian Jackson. aLondon:bNew York.,c1995 axxvi, 188 p. :bill. ; alncludes index 0aActing. 0aTheaterxPolitical aspects. 0aTheaterxPsychological aspects.423Publisher descriptionuhttp://www.loc.gov/catdir/enhancements/fy0648/94013955-d.html 2lcccBKh2061iBOAkPN